000 00791nam a2200181 i 4500
001 102800
003 ES-MaACL
007 t|
008 051207q1908 sp s ||||1| spa d
080 _a330.55(460)
245 0 0 _aAtlas diagrámico de la producción nacional española en su aplicación á los servicios administrativos del ramo de Guerra
_b: correspondiente al año 1907 /
_cComisión de Estudios y Experiencias del Material y Servicios de Administración Militar ; [Centro técnico de Intendencia Militar].
260 _aMadrid :
_bMateu,
_c[1908 ?]
300 _aXV, 80 p. ;
_c49 cm.
500 _aAño tomado de p. VI.
650 1 4 _aProducto interior bruto-
_zEspaña-
_vEstadísticas.
_916446
710 2 _aCentro Técnico de Intendenca Militar.
_92791
852 _aES-MaACL
_jGF-39
999 _c102800
_d102800